[Event "57th World Juniors 2018"]
[Site "Manavgat TUR"]
[Date "2018.09.15"]
[Round "11.35"]
[White "Garayev, Kanan"]
[Black "Percivaldi, Martin"]
[Result "1/2-1/2"]
[WhiteTitle "FM"]
[BlackTitle "IM"]
[WhiteElo "2404"]
[BlackElo "2376"]
[WhiteFideId "13406671"]
[BlackFideId "1508148"]
[EventDate "2018.09.05"]

1. d4 e6 2. c4 d5 3. Nf3 Nf6 4. Nc3 c5 5. cxd5 Nxd5 6. e4 Nxc3 7. bxc3 cxd4 8.
cxd4 Bb4+ 9. Bd2 Bxd2+ 10. Qxd2 O-O 11. Be2 b6 12. O-O Bb7 13. Qf4 Nd7 14. e5 h6
15. Nd2 Qg5 16. Qxg5 hxg5 17. Rfc1 Rac8 18. Bf3 Rxc1+ 19. Rxc1 Rc8 20. Rxc8+
Bxc8 21. Ne4 f6 22. Nd6 Ba6 23. Bc6 Nb8 24. Ba4 Kf8 25. f3 Ke7 26. Kf2 Nd7 27.
Bxd7 Kxd7 28. Ke3 Bf1 29. g4 a6 30. Ne4 Ke7 31. exf6+ gxf6 32. f4 gxf4+ 33. Kxf4
b5 34. Ke3 b4 35. Nd2 Bg2 36. Kd3 Bd5 37. Nb3 Kf7 38. h4 Kg6 39. Nc5 a5 40. a3
bxa3 41. Kc2 Bc4 42. h5+ Kg7 43. Nd7 f5 44. Ne5 Bd5 45. gxf5 exf5 46. Ng6 a4 47.
Kb1 Kh6 48. Nf4 Bb3 49. d5 Bxd5 50. Nxd5 Kxh5 51. Ka2 1/2-1/2

[Event "57th World Juniors 2018"]
[Site "Manavgat TUR"]
[Date "2018.09.15"]
[Round "11.36"]
[White "Shailesh, Dravid"]
[Black "Macovei, Andrei"]
[Result "1/2-1/2"]
[WhiteTitle "FM"]
[BlackTitle "FM"]
[WhiteElo "2325"]
[BlackElo "2385"]
[WhiteFideId "25017969"]
[BlackFideId "13904680"]
[EventDate "2018.09.05"]

1. e4 e5 2. Nf3 Nc6 3. Bb5 a6 4. Ba4 Nf6 5. O-O Be7 6. Re1 b5 7. Bb3 d6 8. c3
O-O 9. h3 Bb7 10. d4 Nd7 11. Nbd2 exd4 12. cxd4 Bf6 13. Nf1 Na5 14. Bc2 Re8 15.
N1h2 c5 16. Ng4 Bxd4 17. Nxd4 cxd4 18. Qxd4 Rc8 19. Qd1 h5 20. Ne3 Nf6 21. f3
Qb6 22. Kh1 d5 23. exd5 Nxd5 24. Nxd5 Bxd5 25. Rxe8+ Rxe8 26. Bg5 Qe6 27. Qd3 g6
28. Rd1 Bxa2 29. Qc3 b4 30. Qxb4 Bb3 31. Bxb3 Qxb3 32. Qd4 Nc6 33. Qd7 Qe6 34.
Qd3 Ne5 35. Qc3 Qc4 36. Qxc4 Nxc4 37. Bf6 Kf8 38. g4 Re6 39. Rd8+ Re8 40. Rd4
Re6 41. Rd8+ Re8 42. Bg7+ Ke7 43. Bf6+ 1/2-1/2

[Event "57th World Juniors 2018"]
[Site "Manavgat TUR"]
[Date "2018.09.15"]
[Round "11.37"]
[White "Priasmoro, Novendra"]
[Black "Pigeat, Alexandre"]
[Result "1-0"]
[WhiteTitle "FM"]
[BlackTitle "FM"]
[WhiteElo "2498"]
[BlackElo "2347"]
[WhiteFideId "7105029"]
[BlackFideId "20649444"]
[EventDate "2018.09.05"]

1. d4 d5 2. Nc3 Nf6 3. Bg5 Bf5 4. f3 Nbd7 5. Nxd5 Nxd5 6. e4 h6 7. Bh4 c6 8.
exd5 cxd5 9. Bd3 Bxd3 10. Qxd3 Qa5+ 11. c3 e6 12. Ne2 Bd6 13. f4 Nf8 14. f5 exf5
15. Qxf5 Ng6 16. O-O O-O 17. Bg3 Rad8 18. Rf2 Qb6 19. Raf1 Bxg3 20. Nxg3 Rd6 21.
Qg4 Qd8 22. Rf5 Ne7 23. R5f4 Ng6 24. Rf5 Ne7 25. Re5 Ng6 26. Nf5 Rb6 27. Rf2 Re8
28. h4 Rxe5 29. dxe5 h5 30. Qxh5 Re6 31. Qg4 Qf8 32. Qg3 Nxe5 33. h5 Nc6 34. b4
a6 35. a4 Kh8 36. b5 axb5 37. axb5 Ne5 38. Kh1 Nc4 39. Ra2 g6 40. hxg6 fxg6 41.
Qh3+ Kg8 42. Nh6+ Kg7 43. Qxe6 Qf1+ 44. Kh2 Qf4+ 45. Kg1 Qc1+ 46. Kf2 Kxh6 47.
Qh3+ Kg7 48. Re2 Qf4+ 49. Qf3 Qd6 50. Kg1 Qa3 51. Qf4 Qc5+ 52. Kh1 Qd6 53. Qd4+
Kg8 54. Re8+ Kf7 55. Qh8 b6 56. Rd8 Qa3 57. Rd7+ Ke6 58. Qe8+ Kf5 59. Qf7+ Kg4
60. Qf3+ 1-0

[Event "57th World Juniors 2018"]
[Site "Manavgat TUR"]
[Date "2018.09.15"]
[Round "11.38"]
[White "Tuncer, Tuna"]
[Black "Tang, Andrew"]
[Result "1-0"]
[WhiteTitle "FM"]
[BlackTitle "GM"]
[WhiteElo "2342"]
[BlackElo "2489"]
[WhiteFideId "6349269"]
[BlackFideId "2059630"]
[EventDate "2018.09.05"]

1. e4 e5 2. Nf3 Nc6 3. d4 exd4 4. Nxd4 Nf6 5. Nxc6 bxc6 6. e5 Qe7 7. Qe2 Nd5 8.
c4 Nb6 9. g3 Qe6 10. b3 a5 11. Bg2 a4 12. Ba3 Bxa3 13. Nxa3 axb3 14. axb3 Qe7
15. Nc2 Rxa1+ 16. Nxa1 O-O 17. O-O d5 18. cxd5 cxd5 19. Nc2 f6 20. Re1 fxe5 21.
Qxe5 Qc5 22. Ne3 c6 23. Ra1 Bd7 24. Qc7 Qc3 25. Rb1 Qd3 26. Rb2 Qc3 27. Rb1 Qd3
28. Rb2 Qd4 29. Ra2 Qb4 30. Ra1 Qxb3 31. Ra6 Qb2 32. f4 Re8 33. Nf1 Re2 34. Rxb6
Qd4+ 35. Kh1 Qf2 36. Rb8+ Be8 37. Rxe8+ Rxe8 38. Qxc6 Kf8 39. Qd6+ Re7 40. Qd8+
Re8 41. Qxd5 g6 42. Qf3 Qc2 43. Qc6 Qd1 44. Qf3 Qc2 45. Kg1 Re2 46. h4 Qc5+ 47.
Kh1 Rf2 48. Qd3 Rc2 49. Ne3 Rc3 50. Qd8+ Kg7 51. Ng4 h5 52. Qf6+ Kg8 53. Nh6+
Kh7 54. Nf7 Qc8 55. Ng5+ Kh6 56. Nf7+ Kh7 57. Kh2 Rc2 58. Ng5+ Kh6 59. Ne6 1-0

[Event "57th World Juniors 2018"]
[Site "Manavgat TUR"]
[Date "2018.09.15"]
[Round "11.39"]
[White "Suleymenov, Alisher"]
[Black "Kevlishvili, Robby"]
[Result "1-0"]
[WhiteTitle "FM"]
[BlackTitle "IM"]
[WhiteElo "2307"]
[BlackElo "2485"]
[WhiteFideId "13707833"]
[BlackFideId "1040634"]
[EventDate "2018.09.05"]

1. d4 d5 2. c4 c6 3. Nf3 Nf6 4. Nc3 e6 5. g3 dxc4 6. Bg2 b5 7. O-O Bb7 8. Ne5 a6
9. b3 b4 10. Na4 c3 11. Bg5 h6 12. Bxf6 gxf6 13. Nc4 Nd7 14. e4 a5 15. Qh5 Rg8
16. h4 Ba6 17. d5 cxd5 18. exd5 Bxc4 19. bxc4 e5 20. d6 Rc8 21. Rad1 Rg7 22. Qe2
c2 23. Rd2 h5 24. c5 Nxc5 25. Nxc5 Rxc5 26. d7+ Ke7 27. Qa6 c1=Q 28. Qd6# 1-0

[Event "57th World Juniors 2018"]
[Site "Manavgat TUR"]
[Date "2018.09.15"]
[Round "11.40"]
[White "Morozov, Nichita"]
[Black "Dobrovoljc, Vid"]
[Result "1/2-1/2"]
[WhiteTitle "IM"]
[BlackTitle "FM"]
[WhiteElo "2452"]
[BlackElo "2316"]
[WhiteFideId "13900897"]
[BlackFideId "14609843"]
[EventDate "2018.09.05"]

1. d4 Nf6 2. Bg5 Ne4 3. Bf4 c5 4. d5 Qa5+ 5. Nd2 e6 6. dxe6 dxe6 7. g3 Bd6 8.
Bxd6 Nxd6 9. Bg2 Bd7 10. Nf3 Bc6 11. c3 Qc7 12. O-O O-O 13. b4 Nd7 14. a4 b6 15.
Qb3 Rac8 16. b5 Bb7 17. Rfd1 Rcd8 18. Ne1 Ne5 19. a5 bxa5 20. c4 Nf5 21. Qc3 Nd4
22. Bf1 a6 23. Rdb1 axb5 24. cxb5 Ra8 25. e3 Ndf3+ 26. Ndxf3 Nxf3+ 27. Nxf3 Bxf3
28. b6 Qd7 29. Qxc5 Rfc8 30. Qe5 Bb7 31. Bg2 f6 32. Qb5 Rc1+ 33. Rxc1 Qxb5 34.
Bxb7 Rb8 35. Rab1 Qxb1 36. Rxb1 1/2-1/2

[Event "57th World Juniors 2018"]
[Site "Manavgat TUR"]
[Date "2018.09.15"]
[Round "11.41"]
[White "Garidmagnai, Byambasuren"]
[Black "Ozen, Deniz"]
[Result "1/2-1/2"]
[WhiteTitle "FM"]
[BlackTitle "FM"]
[WhiteElo "2287"]
[BlackElo "2431"]
[WhiteFideId "4902963"]
[BlackFideId "6349196"]
[EventDate "2018.09.05"]

1. d4 Nf6 2. c4 c6 3. Nc3 d5 4. e3 e6 5. Nf3 Nbd7 6. Qc2 Bd6 7. b3 O-O 8. Be2 e5
9. cxd5 cxd5 10. Nb5 Bb4+ 11. Bd2 Bxd2+ 12. Nxd2 a6 13. dxe5 Nxe5 14. Nd4 Bg4
15. Bxg4 Nfxg4 16. O-O Rc8 17. Qb1 Qd7 18. N2f3 Nxf3+ 19. Nxf3 Nf6 20. Qb2 Rfd8
21. Rac1 Rxc1 22. Rxc1 Rc8 23. Nd4 h6 24. h3 Kh8 25. a4 Kg8 26. Kf1 Kh8 27. Kg1
Kg8 28. Kf1 Kh8 29. Kg1 Kg8 30. Kf1 Kh8 1/2-1/2

[Event "57th World Juniors 2018"]
[Site "Manavgat TUR"]
[Date "2018.09.15"]
[Round "11.42"]
[White "Secheres, Adrian-Simion"]
[Black "Hollan, Martin"]
[Result "1-0"]
[WhiteTitle "FM"]
[BlackTitle "FM"]
[WhiteElo "2408"]
[BlackElo "2336"]
[WhiteFideId "1217445"]
[BlackFideId "360937"]
[EventDate "2018.09.05"]

1. d4 Nf6 2. c4 e6 3. Nc3 Bb4 4. Qc2 c5 5. dxc5 O-O 6. Nf3 Na6 7. g3 Nxc5 8. Bg2
d5 9. cxd5 exd5 10. O-O Be6 11. a3 Bxc3 12. Qxc3 Rc8 13. Nd4 Nfe4 14. Qc2 Qf6
15. Qd1 Bd7 16. Be3 h5 17. Rc1 h4 18. b3 Rfe8 19. Rc2 Qg6 20. Bf4 hxg3 21. hxg3
Qb6 22. Qb1 g5 23. Bc1 Na4 24. Rxc8 Rxc8 25. Be3 Nac3 26. Qd3 Qa6 27. Qxa6 bxa6
28. Rc1 g4 29. a4 a5 30. Bf4 f6 31. f3 gxf3 32. exf3 Ng5 33. Bd2 Ne6 34. Rxc3
Nxd4 35. Rd3 Ne2+ 36. Kf2 Nc1 37. Bxc1 Rxc1 38. Rxd5 Rc2+ 39. Kg1 Bc6 40. Rxa5
Rc1+ 41. Kh2 Rb1 42. Rxa7 Rxb3 43. Ra6 Bxf3 44. Rxf6 Bxg2 45. Kxg2 Ra3 46. Rf4
Kg7 47. Kh3 Kg6 48. Kg4 Kg7 49. Kf5 Kf7 50. g4 Ra2 51. Rb4 Rf2+ 52. Kg5 Ra2 53.
Rb7+ Ke6 54. Ra7 Rg2 55. a5 1-0

[Event "57th World Juniors 2018"]
[Site "Manavgat TUR"]
[Date "2018.09.15"]
[Round "11.43"]
[White "Amartuvshin, Ganzorig"]
[Black "Nikolovski, Nikola"]
[Result "1-0"]
[WhiteTitle "FM"]
[BlackTitle "IM"]
[WhiteElo "2280"]
[BlackElo "2388"]
[WhiteFideId "4902548"]
[BlackFideId "15002314"]
[EventDate "2018.09.05"]

1. d4 f5 2. g3 Nf6 3. Bg2 e6 4. c4 Be7 5. Nc3 O-O 6. Nf3 d6 7. O-O a5 8. Re1 Ne4
9. Qc2 Nxc3 10. Qxc3 Nc6 11. Rd1 Bf6 12. Be3 Qe7 13. Qb3 e5 14. c5+ Kh8 15. cxd6
cxd6 16. d5 Nb4 17. a3 Na6 18. Nd2 g5 19. Rac1 b5 20. f3 Bd7 21. Bf2 h5 22. h3
Rae8 23. e4 f4 24. g4 Kg7 25. Qc3 hxg4 26. hxg4 a4 27. b4 Rh8 28. Kf1 Kg6 29.
Bg1 Rb8 30. Qd3 Rb7 31. Rc3 Nc7 32. Rdc1 Na8 33. Qe2 Qd8 34. R1c2 Qb8 35. Ke1
Bd8 36. Bf1 Rh1 37. Qg2 Rh6 38. Bd3 Bb6 39. Nf1 Kf6 40. Bxb6 Rxb6 41. Qg1 Rb7
42. Rh2 Rh4 43. Qh1 Qh8 44. Rcc2 Rb8 45. Qg1 Rb7 46. Kd1 Qb8 47. Qf2 Qa7 48.
Rxh4 Qxf2 49. Rh6+ Kg7 50. Rxf2 Kxh6 51. Rh2+ Kg7 52. Rh5 Kg6 53. Rh8 Nc7 54.
Rd8 Ne8 55. Rxd7 Rxd7 56. Bxb5 Rd8 57. Bxa4 Nc7 58. Bc6 Rb8 59. Nd2 Kf6 60. Kc2
Ke7 61. Kb3 Na6 62. Kc4 Kd8 63. Nb3 Ke7 64. b5 Nc7 65. a4 Rh8 66. b6 Na6 67. Kb5
Nb8 68. a5 Rh2 69. a6 Nxa6 70. Kxa6 Kd8 71. Na5 Rf2 72. Bb5 Ra2 73. Ka7 Rxa5+
74. Ba6 Ra3 75. b7 1-0

[Event "57th World Juniors 2018"]
[Site "Manavgat TUR"]
[Date "2018.09.15"]
[Round "11.44"]
[White "Noboa, Kevin"]
[Black "Agmanov, Zhandos"]
[Result "1/2-1/2"]
[WhiteTitle "FM"]
[BlackTitle "FM"]
[WhiteElo "2256"]
[BlackElo "2379"]
[WhiteFideId "3618471"]
[BlackFideId "13708309"]
[EventDate "2018.09.05"]

1. d4 Nf6 2. c4 e6 3. Nc3 Bb4 4. e3 O-O 5. Bd3 d5 6. a3 Bxc3+ 7. bxc3 dxc4 8.
Bxc4 c5 9. Ne2 Qc7 10. Ba2 b6 11. O-O Ba6 12. Bb2 Rd8 13. Rc1 e5 14. Re1 Nc6 15.
Ng3 Na5 16. e4 Bc4 17. Bxc4 Nxc4 18. Qe2 b5 19. d5 Rab8 20. Rcd1 Nxb2 21. Qxb2
g6 22. Qc1 h5 23. Nf5 Nh7 24. Nh4 Qe7 25. Nf3 a5 26. Rd2 Nf6 27. Rb2 Ne8 28. Qh6
Qf6 29. Qe3 Rdc8 30. Reb1 Nd6 31. Nd2 c4 32. g3 Re8 33. a4 Qd8 34. axb5 Qb6 35.
Qxb6 Rxb6 36. Ra1 Ra8 37. Ra4 Rxb5 38. Nxc4 Rxb2 39. Nxb2 Nb5 40. Nd1 Rc8 41.
Rxa5 Nxc3 42. Nxc3 Rxc3 43. Kg2 Rc4 44. Kf3 Kg7 45. Ke3 f5 46. Ra7+ Kf6 47. Ra6+
Kf7 48. exf5 gxf5 49. Re6 Rc3+ 50. Kd2 Rf3 51. Ke2 e4 52. Rh6 Rd3 53. Rxh5 Kg6
54. g4 fxg4 55. Re5 Kf6 56. Rxe4 Rxd5 57. Rxg4 Ra5 58. Kf3 Kf5 59. Rg8 Ra3+ 60.
Kg2 Kf4 61. h4 Ra5 62. Kh3 Ra3+ 63. Rg3 Ra1 64. Kg2 Ra5 65. Rg5 Ra8 66. Rg7 Ra5
67. Rg8 Rb5 68. f3 Rb2+ 69. Kh3 Kxf3 70. Rf8+ Ke4 71. h5 Rb1 72. Kh4 Ke5 73. Kg5
Rg1+ 74. Kh6 Ke6 75. Kh7 Ke7 76. Rg8 Rh1 77. h6 Kf7 78. Rg4 Rf1 79. Kh8 Kf8 80.
Rg7 Rf2 1/2-1/2

[Event "57th World Juniors 2018"]
[Site "Manavgat TUR"]
[Date "2018.09.15"]
[Round "11.45"]
[White "Liyanage, Ranindu Dilshan"]
[Black "Philippe, Guillaume"]
[Result "1/2-1/2"]
[WhiteTitle "CM"]
[BlackTitle "FM"]
[WhiteElo "1989"]
[BlackElo "2358"]
[WhiteFideId "9915834"]
[BlackFideId "36048763"]
[EventDate "2018.09.05"]

1. d4 Nf6 2. c4 e6 3. Nf3 c5 4. d5 exd5 5. cxd5 d6 6. Nc3 g6 7. Bf4 a6 8. a4 Bg7
9. e3 O-O 10. h3 Re8 11. Be2 Ne4 12. Nxe4 Rxe4 13. Nd2 Rxf4 14. exf4 Bxb2 15.
Rb1 Bd4 16. O-O Nd7 17. Nc4 Qc7 18. Qb3 Rb8 19. a5 Nf6 20. Bf3 Bf5 21. Rbe1 Rd8
22. Re2 Bd7 23. Re7 Kf8 24. Rfe1 Ng8 25. R7e4 Bb5 26. Nb6 Re8 27. Rxe8+ Bxe8 28.
Be2 Qe7 29. Nc8 Qd7 30. Nb6 Qf5 31. Qf3 Qc2 32. Bd3 Qc3 33. Qe2 Nf6 34. Nc8 c4
35. Bxc4 Bc5 36. Rb1 Bd7 37. Rxb7 Qc1+ 38. Qf1 Qxf4 39. Rxd7 Nxd7 40. Bxa6 Nf6
41. Nb6 Kg7 42. Bd3 Qd4 43. Qe2 Qa1+ 44. Kh2 Qxa5 45. Nc4 Qc3 46. Qf3 h5 47. Be2
Qd4 48. Ne3 Qe5+ 49. Qg3 Qxg3+ 50. Kxg3 Bxe3 51. fxe3 Nxd5 52. e4 Nc7 53. Kf4
Kf6 54. h4 Ne6+ 55. Ke3 Ke5 56. Bc4 f6 57. Bb5 Ng7 58. g3 f5 59. Bd3 fxe4 60.
Bxe4 Nf5+ 61. Kf3 d5 62. Bb1 Kd4 63. g4 Nxh4+ 64. Kg3 hxg4 65. Kxh4 1/2-1/2

[Event "57th World Juniors 2018"]
[Site "Manavgat TUR"]
[Date "2018.09.15"]
[Round "11.46"]
[White "Murphy, Conor E"]
[Black "Milosevic, Milos"]
[Result "1/2-1/2"]
[WhiteTitle "FM"]
[BlackTitle "FM"]
[WhiteElo "2357"]
[BlackElo "2292"]
[WhiteFideId "421669"]
[BlackFideId "964875"]
[EventDate "2018.09.05"]

1. d4 d6 2. e4 Nf6 3. Nc3 e5 4. Nf3 exd4 5. Nxd4 Be7 6. Be2 O-O 7. Bf4 Re8 8.
Qd2 Nc6 9. O-O-O Nxd4 10. Qxd4 Be6 11. Kb1 Nd7 12. Nd5 Bf8 13. f3 a6 14. h4 c5
15. Qf2 b5 16. h5 Nb6 17. Bc1 Bxd5 18. exd5 b4 19. f4 c4 20. h6 g6 21. f5 b3 22.
fxg6 bxc2+ 23. Kxc2 fxg6 24. Bg4 Nd7 25. Be6+ Rxe6 26. dxe6 Ne5 27. Qd4 Qe7 28.
Qd5 Re8 29. Bf4 Nd3 30. Qxc4 Nxf4 31. Qxf4 Qxe6 32. Rhe1 Rc8+ 33. Kb1 Qd7 34.
Rc1 Rb8 35. Qc4+ Kh8 36. Qd4+ Kg8 37. Qd5+ Kh8 38. Rf1 Bxh6 39. Rf7 Qe8 40. Rcf1
Bg7 41. Rb7 Rc8 42. a3 h6 43. Rff7 Qe1+ 44. Ka2 Rg8 45. Qxd6 Qe4 46. Qd7 Qc4+
47. Kb1 Qe4+ 48. Ka1 Qxg2 49. Rxg7 Qf1+ 50. Ka2 Qc4+ 51. Kb1 Qf1+ 52. Kc2 Qc4+
53. Kd2 Qf4+ 54. Kd3 Qf1+ 55. Ke3 Qe1+ 56. Kd4 Qd2+ 57. Kc5 Qc2+ 58. Kd6 Qd2+
59. Kc6 Qc2+ 60. Kd5 Qd3+ 61. Ke5 Qe3+ 62. Kf6 Qf4+ 63. Ke6 Qe4+ 64. Kd6 Qd3+
65. Kc6 Qc2+ 66. Kd5 1/2-1/2

[Event "57th World Juniors 2018"]
[Site "Manavgat TUR"]
[Date "2018.09.15"]
[Round "11.47"]
[White "Krishna Teja, N"]
[Black "Nogerbek, Kazybek"]
[Result "0-1"]
[WhiteTitle "IM"]
[BlackTitle "FM"]
[WhiteElo "2356"]
[BlackElo "2261"]
[WhiteFideId "5001498"]
[BlackFideId "13710427"]
[EventDate "2018.09.05"]

1. Nf3 Nf6 2. c4 c5 3. g3 b6 4. Bg2 Bb7 5. O-O g6 6. d4 cxd4 7. Qxd4 Bg7 8. Nc3
Nc6 9. Qh4 h6 10. Nd5 Rc8 11. Rb1 Na5 12. b3 Nxd5 13. cxd5 Bxd5 14. Bb2 Bxb2 15.
Rxb2 Bxf3 16. Bxf3 e6 17. Qf4 Qc7 18. Qh4 d5 19. Rd1 Kf8 20. Rbd2 Qe7 21. Qxe7+
Kxe7 22. e4 Kd6 23. Bg2 f5 24. f3 Rc3 25. h4 h5 26. Kh2 Rhc8 27. f4 fxe4 28.
Bxe4 Rg8 29. Bg2 Nb7 30. Re1 Nd8 31. Bh3 Rg7 32. Re5 Rgc7 33. Ree2 a5 34. Bg2
Nc6 35. Bh3 Re7 36. Bg2 b5 37. Bf1 Rc5 38. Bh3 b4 39. Re1 e5 40. fxe5+ Nxe5 41.
Kg2 Ng4 42. Rxe7 Kxe7 43. Kf3 Nf6 44. Kf4 Ne4 45. Re2 Kf6 46. Bg2 Nc3 47. Re5 a4
48. Bh3 Nxa2 49. Re6+ Kf7 50. bxa4 b3 51. Ke5 Rc4 52. Rb6 Rb4 53. Be6+ Kg7 54.
Rc6 b2 55. Rc7+ Kh6 56. Bg8 g5 57. Bh7 gxh4 58. gxh4 b1=Q 59. Bxb1 Rxb1 60. Kxd5
Nb4+ 61. Ke5 Nd3+ 62. Ke4 Nf2+ 63. Kf5 Rb6 64. Ra7 Ng4 65. Ra8 Ne3+ 66. Ke4 Re6+
67. Kf4 Ng2+ 68. Kf5 Rc6 69. Rh8+ Kg7 70. Re8 Rf6+ 71. Ke5 Ra6 72. Rb8 Nxh4 73.
Kf4 Rxa4+ 74. Kg5 Nf3+ 75. Kf5 Ra5+ 76. Kf4 Nh4 77. Rb7+ Kh6 78. Kg3 Ng6 79. Rb2
Kg5 80. Kh2 Nf4 81. Rc2 Kg4 82. Rb2 Re5 83. Kg1 h4 84. Rb8 Re2 85. Kf1 Ra2 86.
Kg1 Ne2+ 87. Kh1 Ng3+ 88. Kg1 Kh3 89. Rb2 Ne2+ 0-1

[Event "57th World Juniors 2018"]
[Site "Manavgat TUR"]
[Date "2018.09.15"]
[Round "11.48"]
[White "Kamer, Kayra"]
[Black "Arcuti, Davide"]
[Result "0-1"]
[BlackTitle "FM"]
[WhiteElo "2205"]
[BlackElo "2356"]
[WhiteFideId "6367879"]
[BlackFideId "1323725"]
[EventDate "2018.09.05"]

1. c4 Nf6 2. a3 g6 3. b4 Bg7 4. Bb2 O-O 5. e3 d6 6. Nf3 e5 7. d3 Ng4 8. h3 Nh6
9. Qc2 f5 10. Nbd2 Be6 11. d4 Nd7 12. d5 Bf7 13. e4 c5 14. dxc6 bxc6 15. Be2 Qe7
16. O-O Be6 17. Rfe1 Nf7 18. Rad1 Rac8 19. Qb1 f4 20. Nb3 h5 21. Na5 g5 22. Nh2
Nf6 23. b5 c5 24. Nc6 Qb7 25. f3 Kh8 26. Rd2 Rg8 27. Red1 Bf8 28. Bc3 Rxc6 29.
bxc6 Qxc6 30. Qb5 Qc8 31. Rb2 g4 32. hxg4 hxg4 33. Qb8 Qc6 34. Qxa7 gxf3 35.
Bxf3 Ng5 36. Qb7 Qa4 37. Qb3 Qxb3 38. Rxb3 Nh3+ 39. Kh1 Nf2+ 40. Kg1 Nxd1 41.
Bxd1 Bxc4 42. Rb8 Nxe4 43. Bb2 Bg7 44. Rb6 Rd8 45. a4 d5 46. Ng4 d4 47. Bf3 Ng5
48. Bd1 e4 49. a5 Ra8 50. Rg6 Ne6 51. Bc2 d3 52. Bxg7+ Kh7 53. Bc3 Kxg6 54. Ne5+
Kg5 55. Nf7+ Kf5 56. Nd6+ Kg6 57. Ba4 Bd5 58. Be8+ Kh7 59. Bh5 e3 60. Bg4 d2 61.
Bf5+ Kg8 62. Bc2 Nd4 63. Bxd4 cxd4 64. Nf5 e2 0-1

[Event "57th World Juniors 2018"]
[Site "Manavgat TUR"]
[Date "2018.09.15"]
[Round "11.49"]
[White "Petkov, Momchil"]
[Black "Bashirli, Nail"]
[Result "1-0"]
[WhiteTitle "FM"]
[BlackTitle "IM"]
[WhiteElo "2163"]
[BlackElo "2354"]
[WhiteFideId "2921642"]
[BlackFideId "13406809"]
[EventDate "2018.09.05"]

1. d4 Nf6 2. Bf4 g6 3. e3 Bg7 4. Nf3 d6 5. h3 b6 6. Be2 Bb7 7. O-O O-O 8. c4
Nbd7 9. Nc3 Re8 10. Rc1 e5 11. Bh2 e4 12. Nd2 Nf8 13. b4 Ne6 14. Nb3 h5 15. c5
dxc5 16. bxc5 Nd5 17. Nxd5 Bxd5 18. Qc2 Qd7 19. Bc4 b5 20. Bxd5 Qxd5 21. c6 a5
22. Nc5 Qxc6 23. Nxe6 Qxe6 24. Bxc7 Rec8 25. Qb1 Bf8 26. Qxb5 Qxa2 27. d5 Qa3
28. Qc6 Bg7 29. d6 Rf8 30. d7 Qb2 31. Bd6 1-0

[Event "57th World Juniors 2018"]
[Site "Manavgat TUR"]
[Date "2018.09.15"]
[Round "11.51"]
[White "Cadilhac, Igor Tokuichi Kikuchi"]
[Black "Wong, Yinn Long"]
[Result "1/2-1/2"]
[WhiteTitle "FM"]
[BlackTitle "FM"]
[WhiteElo "2286"]
[BlackElo "2261"]
[WhiteFideId "2132150"]
[BlackFideId "5707684"]
[EventDate "2018.09.05"]

1. e4 c5 2. Nf3 g6 3. d4 cxd4 4. Nxd4 Nc6 5. Nc3 Bg7 6. Be3 Nf6 7. Nb3 O-O 8.
Be2 d6 9. f4 a5 10. a4 Be6 11. O-O Bxb3 12. cxb3 e6 13. Bf3 Re8 14. Rf2 Qe7 15.
Rd2 Red8 16. Bb6 Rd7 17. Nb5 Bh6 18. g3 e5 19. Bg4 exf4 20. Bxd7 Nxd7 21. Bc7
fxg3 22. Re2 gxh2+ 23. Kh1 Nde5 24. Bxd6 Qf6 25. Qf1 Qh4 26. Qf2 Qh3 27. Rf1 Rd8
28. Qg2 Qd3 29. Bxe5 Nxe5 30. Nc3 Qa6 31. Nd5 Bg7 32. Ref2 Qd3 33. Rd2 Qxb3 34.
Ne7+ Kf8 35. Rxd8+ Kxe7 36. Qd2 Qb6 37. Rd1 Qc6 38. Qd5 Qxd5 39. R8xd5 Ng4 40.
R1d2 Bh6 41. Rg2 Ne3 42. Rxa5 Nxg2 43. Kxg2 Be3 44. Rb5 b6 45. Kxh2 Kd6 46. Kg3
Kc6 47. Kf3 Bd4 48. b3 f6 49. Rd5 Be5 50. b4 h5 51. Rd8 g5 52. Rc8+ Bc7 53. Rh8
h4 54. Kg4 Be5 55. Kf5 b5 56. a5 Kb7 57. Rh7+ Ka6 58. Rh6 Bc3 59. Ke6 Bxb4 60.
Kxf6 Kxa5 61. Rh5 Bd2 62. e5 Bc3 63. Kf5 b4 64. e6 b3 65. Rxg5 Bb4 66. Ke4+ Ka4
67. Kd3 Ka3 68. Rg7 h3 69. Ra7+ Kb2 70. e7 1/2-1/2

[Event "57th World Juniors 2018"]
[Site "Manavgat TUR"]
[Date "2018.09.15"]
[Round "11.52"]
[White "Can, Melih Kaan"]
[Black "Sargsyan, Shant"]
[Result "0-1"]
[BlackTitle "IM"]
[WhiteElo "2195"]
[BlackElo "2477"]
[WhiteFideId "6317383"]
[BlackFideId "13306766"]
[EventDate "2018.09.05"]

1. e4 c5 2. Nf3 Nc6 3. Bb5 e6 4. O-O Nge7 5. Re1 a6 6. Bf1 d5 7. exd5 Qxd5 8.
Na3 Nf5 9. Nc4 Qd8 10. a4 b6 11. b3 Be7 12. Bb2 O-O 13. Bd3 Bb7 14. Nfe5 Nb4 15.
Be4 Bxe4 16. Rxe4 b5 17. Ne3 f6 18. Nf3 Nd6 19. Rxe6 Qd7 20. Rxe7 Qxe7 21. d4
Rad8 22. c3 Nc6 23. dxc5 Ne4 24. Qe2 Qxc5 25. Ba3 b4 26. cxb4 Nxb4 27. Rc1 Nc3
28. Qe1 Rd3 29. Rxc3 Rxc3 30. Bxb4 Qxb4 31. Nd5 Qxb3 32. Nxc3 Rc8 33. Nd1 Rd8
34. Ne3 Qxa4 35. Qc3 a5 36. h4 Qb5 37. g4 a4 38. Nf5 Qd7 39. Kg2 h5 40. Qc4+ Kh8
41. Qb4 hxg4 42. N3d4 Ra8 43. Ne7 a3 44. Qc5 Qe8 45. Ne6 a2 46. Nf4 g5 47. hxg5
a1=Q 48. Qf5 Ra5 49. Neg6+ Kg8 50. Nd5 Rxd5 51. Qxd5+ Kg7 52. Nf4 Qaa8 53. gxf6+
Kxf6 54. Nh5+ Ke7 0-1

[Event "57th World Juniors 2018"]
[Site "Manavgat TUR"]
[Date "2018.09.15"]
[Round "11.53"]
[White "Ozer, Omer Faruk"]
[Black "Tarlabasi, Emirhan"]
[Result "1/2-1/2"]
[WhiteTitle "IM"]
[WhiteElo "2388"]
[BlackElo "2193"]
[WhiteFideId "6354564"]
[BlackFideId "6350275"]
[EventDate "2018.09.05"]

1. g3 d5 2. Bg2 Nf6 3. Nf3 e6 4. O-O Be7 5. d3 O-O 6. Nbd2 c5 7. Re1 Nc6 8. e4
Qc7 9. Qe2 b5 10. e5 Nd7 11. Nf1 Bb7 12. Bf4 Rfc8 13. h4 a5 14. N1h2 a4 15. Rac1
c4 16. Bh3 Qb6 17. dxc4 bxc4 18. Ng5 Bxg5 19. hxg5 a3 20. b3 cxb3 21. cxb3 Ba6
22. Qd2 Nb4 23. Be3 Qb7 24. Bd4 Rxc1 25. Rxc1 Nd3 26. Rc2 N3xe5 27. f4 Nc6 28.
Ba1 Qb6+ 29. Kh1 Nb4 30. Bd4 Qd6 31. Rc3 Nc6 32. Nf3 Nxd4 33. Nxd4 Rc8 1/2-1/2

[Event "57th World Juniors 2018"]
[Site "Manavgat TUR"]
[Date "2018.09.15"]
[Round "11.54"]
[White "Dedebas, Emre Emin"]
[Black "Sezdbekov, Ruslan"]
[Result "1/2-1/2"]
[WhiteTitle "FM"]
[BlackTitle "CM"]
[WhiteElo "2334"]
[BlackElo "2160"]
[WhiteFideId "6349005"]
[BlackFideId "13801856"]
[EventDate "2018.09.05"]

1. d4 Nf6 2. Nf3 e6 3. c4 b6 4. g3 Bb7 5. Bg2 Bb4+ 6. Bd2 Bxd2+ 7. Qxd2 O-O 8.
O-O d6 9. Nc3 Nbd7 10. d5 Nc5 11. Nd4 e5 12. Nc2 a5 13. b3 Bc8 14. e4 Ne8 15.
Ne3 f5 16. f4 fxe4 17. fxe5 Rxf1+ 18. Rxf1 dxe5 19. Nxe4 Nxe4 20. Bxe4 Nd6 21.
Qd3 h6 22. Nf5 Bxf5 23. Bxf5 Nxf5 24. Qxf5 Qd6 25. a4 Qc5+ 26. Kg2 Qd6 27. Kg1
Qc5+ 28. Kg2 Qd6 29. Kg1 Qc5+ 30. Kg2 Qd6 1/2-1/2